MAASAI MARA UNIVERSITY

LIBRARY CATALOGUE

Contact Us: +254 020 2685356/7 or 0774 057787

Box: 861-20500, NAROK, KENYA

Email: info@mmarau.ac.ke

Ivens, Kathy (Record no. 3750)

MARC details
000 -LEADER
fixed length control field 00386nam a2200133Ia 4500
008 - FIXED-LENGTH DATA ELEMENTS--GENERAL INFORMATION
fixed length control field 151015s9999 xx 000 0 und d
020 ## - INTERNATIONAL STANDARD BOOK NUMBER
International Standard Book Number 72119209
050 ## - LIBRARY OF CONGRESS CALL NUMBER
Classification number QA76.76.O63.I19337 2000
245 ## - TITLE STATEMENT
Title Ivens, Kathy
250 ## - EDITION STATEMENT
Edition statement _Windows 2000 The complete reference Kathy Ivens
300 ## - PHYSICAL DESCRIPTION
Extent \new York McGraw-hill 2000
650 ## - SUBJECT ADDED ENTRY--TOPICAL TERM
Topical term or geographic name as entry element _windows 2000
700 ## - ADDED ENTRY--PERSONAL NAME
Personal name ^d20120830 12:42:21^okorir

No items available.

© 2016 Maasai Mara University.